Na obranu krahulca

Bibliographic Details
Main Author: Sládek, Jozef, 1927- (Author)
Format: Article
Language:Slovak
PhysicalDescription:Obr. 1
ISSN:0231-8768
Subjects:

MARC

LEADER 00000nab a2200000 a 4500
001 vtls000613497
003 SK-MaSNL
005 20260304091142.0
008 250425c1997 xo 0 slo
015 |a SNBRB19rr/mm-uuuuu 
035 |a CL0613636 
035 |a urn:nbn:sk:snk-abeppq 
035 |a (urnnbn)urn:nbn:sk:snk:ar-006zvx 
035 |a (uuid)bad0c515-411b-4c47-9248-6be770ac5ada 
040 |a SNKBUCL  |b slo  |c SNKBUCL  |e AACR2 
041 0 |a slo 
044 |a xo  |c SK 
080 |a 639.128.14:591.53  |2 1981 
080 |a 591.53  |2 1981 
100 1 |a Sládek, Jozef,  |d 1927-  |4 aut  |9 97457 
245 1 0 |a Na obranu krahulca  |c Jozef Sládek 
300 |b Obr. 1 
500 |a Ohlas na článok "Čo loví jastrab krahulec" uverejnený v Poľovníctve a rybárstve č. 10/1996 
650 0 7 |a jastrab krahulec  |2 snkbucl  |9 1236947 
650 0 7 |a potrava živočíchov  |2 snkbucl  |9 1248599 
650 0 7 |a potravná ekológia  |2 snkbucl  |9 84047 
655 7 |a články z novín a časopisov  |2 snkbucl  |9 267496 
773 0 |t Poľovníctvo a rybárstvo  |g Roč. 49, č. 1 (1997), s. 11  |x 0231-8768 
850 |a Slovenská národná knižnica 
852 |a Slovenská národná knižnica 
954 |a odborná, vedecká literatúra pôvodná (slovenská)  |2 lita 
958 |a article27 
958 |a RK 
958 |a OND 
958 |a EUIPO 
992 |a RBX 
999 |c 2814344  |d 2816274